| 000 | 01549nam0a2200337 4500 | ||
|---|---|---|---|
| 001 | RU\NLR\BIBL_A\022037634 | ||
| 005 | 20260407232930.0 | ||
| 035 | _a(NLR Aleph) 022037634 | ||
| 090 |
_a12559102 _c12559102 |
||
| 100 | _a20230928d1905 |||y0rusy50 ca | ||
| 101 | 0 | _arus | |
| 102 | _aRU | ||
| 105 | _ay z 000ay | ||
| 181 | 0 |
_ai _baxxe |
|
| 182 | 0 | _an | |
| 200 | 1 |
_aТретий Рим _e(день в Москве) _e[повесть] _fК. А. Калитин |
|
| 203 |
_aТекст _bвизуальный _cнепосредственный |
||
| 210 |
_aС.-Петербург _cиздание А. С. Суворина _d1905 |
||
| 215 |
_a107 с. _d20 |
||
| 316 |
_aЭкз. РНБ: с наклейкой со штампом в конце кн. "Книжная лавка Литфонда СССР", со штампом на нахзаце "К. Л. Риккер" _5NLR |
||
| 686 | 0 | _aШ6(2=Р)53-4 | |
| 700 | 1 |
_7ca _8rus _aКалитин _bК. А. _f-1905 _gКонстантин Александрович _9260504 _3RU\NLR\AUTH\770260560 |
|
| 712 | 0 | 2 |
_4390 _aЛитературный фонд СССР _bКнижная лавка _9861979 _3RU\NLR\AUTH\880598489 |
| 712 | 0 | 0 |
_4390 _aРиккер, _gК. Л., _hкнижный магазин _cПетербург _3RU\NLR\AUTH\8810159010 _9813521 |
| 852 |
_aNLR _j59-3/1962 |
||
| 942 | _cBOOK | ||
| 980 | _aNB | ||